| 000 | 00867nam a2200241 a 4500 | ||
|---|---|---|---|
| 999 |
_c5984 _d5984 |
||
| 001 | 5984 | ||
| 003 | BD-JhCC | ||
| 005 | 20180101123749.0 | ||
| 008 | 171231s1994 bg |||| ||a| 000 0 ben d | ||
| 035 | _a(BD-JhCC)5984 | ||
| 040 |
_aBD-JhCC _dBD-JhCC |
||
| 041 | _aben | ||
| 082 |
_a050 _bUTT 1994 |
||
| 245 |
_aউত্তরাধিকার : _bবাংলা একাডেমীর সৃজনশীল সাহিত্য-ত্রৈমাসিক / _cমোহাম্মদ হারুন-উর-রশিদ সম্পাদক |
||
| 260 |
_aঢাকা : _bবাংলা একাডেমী, _c১৯৯৪. |
||
| 300 |
_a127 p. : _c21 cm. |
||
| 650 | _aBengali Periodicals | ||
| 650 | _aJournal | ||
| 650 | _aMagazine | ||
| 700 | _aহারুন-উর-রশিদ, মোহাম্মদ | ||
| 942 |
_2ddc _cBK |
||